Teória hier s využitím genetických algoritmov

Autor v práci navrhuje novú metódu k nájdeniu riešenia úloh teórie hier. Metóda využíva genetický algoritmus, ktorý umožňuje nájsť optimálnu stratégiu pre každého z obidvoch hráčov. Metódu demonštroval na 3 podobných príkladoch, avšak použil rôzne nastavenia parametrov algoritmu. Vo všetkých prípado...

Full description

Saved in:
Bibliographic Details
Main Author: Oliva, Tomáš
Format: Book Chapter
Language:Slovak
Subjects:
Tags: Add Tag
No Tags, Be the first to tag this record!

MARC

LEADER 00000nla a2200000 4500
001 0164497
005 20240502072854.6
041 0 |a slo 
044 |a SK 
245 1 0 |a Teória hier s využitím genetických algoritmov  |c Tomáš Oliva 
520 |a Autor v práci navrhuje novú metódu k nájdeniu riešenia úloh teórie hier. Metóda využíva genetický algoritmus, ktorý umožňuje nájsť optimálnu stratégiu pre každého z obidvoch hráčov. Metódu demonštroval na 3 podobných príkladoch, avšak použil rôzne nastavenia parametrov algoritmu. Vo všetkých prípadoch sú výsledky, ktoré ponúka táto metóda, veľmi blízke exaktnému riešeniu pomocou algoritmov lineárneho programovania. 
610 2 0 |a teória hier 
610 2 0 |a algoritmy 
610 2 0 |a metódy 
100 1 |a Oliva, Tomáš